000 00869nam a2200265Ia 4500
003 OSt
005 20220918220942.0
006 a|||||r|||| 00| 0
007 ta
008 220917b |||||||| |||| 00| 0 eng d
024 _a147,550
037 _cTextual
040 _aARTS
_cARTS
_beng
041 _2eng
_aeng
082 _aY58.58.N7, L7
100 _aAllworth Edward Ed
_9109019
245 0 _aNationality group survial in mutli-ethic states
_b Shifting support patterns in the Sovi Baltic region
260 _aNew York
_bPraeger Publications
_c1977
300 _axiv, 299p. tables
_ccm.
490 _aPrager speical studies in international politics and goverment
500 _aAppendix p255-277 (A-E); Bibliography p278-300
650 _aSOCIOLOGY
942 _hY58.58.N7, L7
_cTEXL
_2CC
999 _c270289
_d270289